00289nam a2200121Ia 45000030006000000080041000060400015000471000017000622450031000792600028001105460012001380050017001500STCL150530s9999 xx 000 0 und d aSTCLcSTCL aDouglas Bush aScience and English poetry bOxford universityc1949 aEnglish20220125170900.0